| LEADER |
00923nam0a2200229 450 |
| 001 |
16862615 |
| 010 |
|
|
|a 978-2-37731-900-8
|b br.
|d 8,9
|
| 100 |
|
|
|a 20220726d2022 u u0frey01 ba
|
| 101 |
0 |
|
|a fre
|
| 102 |
|
|
|a FR
|
| 200 |
0 |
|
|a Tête de fesses déteste Noël
|f Bertrand Santini
|
| 207 |
|
1 |
|a
|
| 210 |
|
|
|a Paris
|c Sarbacane
|d 2022
|
| 215 |
|
|
|a 1 vol. (112 p.)
|c illustrations en couleur
|d 21 cm
|
| 330 |
|
|
|a Tête de fesses conçoit un plan machiavélique afin de gâcher les fêtes de Noël. Il convainc ses ennemis que le Père Noël les a mis sur la liste des mauvais enfants et qu'ils n'auront pas de cadeaux. Electre 2023
|
| 461 |
|
0 |
|t Tête de fesses
|v 3
|
| 606 |
0 |
|
|a Noël
|
| 608 |
|
|
|a Roman pour la jeunesse
|
| 700 |
|
0 |
|a Santini
|b Bertrand
|f 1968-....
|4 70
|
| 900 |
|
|
|a Roman (enfants)
|
| 901 |
|
|
|a Jeunesse
|
| 995 |
|
|
|a Médiathèque
|c Médiathèque
|f 00156011472685
|h 00156011472685
|k E SAN
|o p
|q j
|r az
|e Médiathèque
|